|
|
|
|
| LEADER |
00000naa2a2200000 4500 |
| 001 |
607715 |
| 005 |
20260312110409.0 |
| 035 |
|
|
|a (RuTPU)RU\TPU\conf\5121
|
| 035 |
|
|
|a RU\TPU\conf\5120
|
| 090 |
|
|
|a 607715
|
| 100 |
|
|
|a 20140828d2014 k y0rusy50 ca
|
| 101 |
0 |
|
|a rus
|
| 102 |
|
|
|a RU
|
| 135 |
|
|
|a drcn ---uucaa
|
| 181 |
|
0 |
|a i
|
| 182 |
|
0 |
|a b
|
| 200 |
1 |
|
|a Структура научно-технической сферы России
|f Н. М. Борисова
|
| 203 |
|
|
|a Текст
|c электронный
|
| 215 |
|
|
|a 1 файл (252 Кб)
|
| 225 |
1 |
|
|a Автоматизация и информатизация, экономика и менеджмент на предприятии
|
| 300 |
|
|
|a Заглавие с титульного листа.
|
| 320 |
|
|
|a [Библиогр.: с. 174 (4 назв.)]
|
| 337 |
|
|
|a Adobe Reader
|
| 461 |
|
1 |
|0 (RuTPU)RU\TPU\conf\4003
|t Инновационные технологии и экономика в машиностроении
|o сборник трудов V Международной научно-практической конференции, г. Юрга, 22-23 мая 2014 г.
|o в 2 т.
|f Национальный исследовательский Томский политехнический университет (ТПУ), Юргинский технологический институт (ЮТИ) ; под ред. Д. А. Чинахова
|d 2014
|
| 463 |
|
1 |
|0 (RuTPU)RU\TPU\conf\4014
|t Т. 2
|v [С. 173-174]
|d 2014
|
| 610 |
1 |
|
|a труды учёных ТПУ
|
| 610 |
1 |
|
|a электронный ресурс
|
| 610 |
1 |
|
|a научно-техническая сфера
|
| 610 |
1 |
|
|a Россия
|
| 610 |
1 |
|
|a рынок труда
|
| 610 |
1 |
|
|a интеллектуальные системы
|
| 610 |
1 |
|
|a научно-исследовательская деятельность
|
| 610 |
1 |
|
|a трудовая деятельность
|
| 700 |
|
1 |
|a Борисова
|b Н. М.
|c экономист
|c старший преподаватель Юргинского технологического института (филиал) Томского политехнического университета
|f 1978-
|g Надежда Михайловна
|3 (RuTPU)RU\TPU\pers\25118
|
| 712 |
0 |
2 |
|a Национальный исследовательский Томский политехнический университет (ТПУ)
|b Юргинский технологический институт (филиал) (ЮТИ)
|b Кафедра экономики и автоматизации систем управления (ЭАСУ)
|3 (RuTPU)RU\TPU\col\18900
|
| 801 |
|
2 |
|a RU
|b 63413507
|c 20140828
|g RCR
|
| 856 |
4 |
|
|u http://www.lib.tpu.ru/fulltext/c/2014/C30/V2/042.pdf
|
| 942 |
|
|
|c BK
|